00418nam a2200133Ia 4500100001600000942000700016654001200023245005200035260003500087082001600122546001200138999001700150952011700167 aPillai S.O  cBK aPhysics aProblems and Solutions on Solid state Physics bWiley easternaNew Delhic1994 a530.41bPAN aENGLISH c24186d24186 001040708CRCaCRCEbCRCEd2023-03-17eUniqueg135.00l0o530.41 PANp7252r2023-03-17v135.00w2023-03-17yBK